000
00367nam a2200145Ia 4500
008
230718s9999 xx 000 0 und d
041
_a
Eng.
082
_a
928
_b
آبا-ب
100
_a
آبادی ، بوش پیچ
245
0
_a
باروں کی بارات
260
_a
Pakistan
_b
امرود پنہاں ہو۔
_c
1925
300
_a
200
650
_a
Law
999
_c
28773
_d
28773